<?xml version="1.0" encoding="UTF-8"?>
<record
    xmlns:xsi="http://www.w3.org/2001/XMLSchema-instance"
    xsi:schemaLocation="http://www.loc.gov/MARC21/slim http://www.loc.gov/standards/marcxml/schema/MARC21slim.xsd"
    xmlns="http://www.loc.gov/MARC21/slim">

  <leader>00460nam a22001457a 4500</leader>
  <controlfield tag="003">LRUA</controlfield>
  <controlfield tag="005">20231107201306.0</controlfield>
  <controlfield tag="008">231107b        xxu||||| |||| 00| 0 eng d</controlfield>
  <datafield tag="040" ind1=" " ind2=" ">
    <subfield code="c">FAO</subfield>
  </datafield>
  <datafield tag="100" ind1=" " ind2=" ">
    <subfield code="a">HANG CHUONNARON</subfield>
  </datafield>
  <datafield tag="245" ind1=" " ind2=" ">
    <subfield code="a">LIFE SKILLS EDUCATION SCHOOL GARDNING AND NUTRITION EDUCAATION TEACHER'S GUIDE FOR GRADE 6</subfield>
  </datafield>
  <datafield tag="260" ind1=" " ind2=" ">
    <subfield code="a">Phnom Penh</subfield>
    <subfield code="b">FOOD AND AGRICULTURE ORHANIZATION OF THE UNITED NATIONS</subfield>
    <subfield code="c">2017</subfield>
  </datafield>
  <datafield tag="300" ind1=" " ind2=" ">
    <subfield code="a">VII.46P</subfield>
    <subfield code="c">29CM</subfield>
  </datafield>
  <datafield tag="942" ind1=" " ind2=" ">
    <subfield code="c">AEDBB</subfield>
    <subfield code="2">ddc</subfield>
  </datafield>
  <datafield tag="999" ind1=" " ind2=" ">
    <subfield code="c">22142</subfield>
    <subfield code="d">22142</subfield>
  </datafield>
  <datafield tag="952" ind1=" " ind2=" ">
    <subfield code="0">0</subfield>
    <subfield code="1">0</subfield>
    <subfield code="2">ddc</subfield>
    <subfield code="4">0</subfield>
    <subfield code="6">FAO_LIF_2017_000000000000000_C011_OR_1</subfield>
    <subfield code="7">0</subfield>
    <subfield code="9">96409</subfield>
    <subfield code="a">LBC</subfield>
    <subfield code="b">LBC</subfield>
    <subfield code="c">C011</subfield>
    <subfield code="d">2023-11-07</subfield>
    <subfield code="o">FAO LIF 2017 C011 Or.1</subfield>
    <subfield code="p">a073500</subfield>
    <subfield code="r">2023-11-07</subfield>
    <subfield code="w">2023-11-07</subfield>
    <subfield code="y">AEDBB</subfield>
  </datafield>
</record>
